[Event "WchT Seniors 50"]
[Site "Radebeul"]
[Date "2016.07.02"]
[Round "7.28"]
[White "Jeute, Peter"]
[Black "Poenisch, Wolfram"]
[Result "1/2-1/2"]
[WhiteElo "1978"]
[BlackElo "1877"]
[PlyCount "36"]
[EventDate "2016.06.26"]
[EventType "team-swiss"]
[EventRounds "9"]
[EventCountry "GER"]
[SourceTitle "CBM 173 Extra"]
[Source "ChessBase"]
[SourceDate "2016.08.29"]
[SourceVersion "1"]
[SourceVersionDate "2016.08.29"]
[SourceQuality "1"]
[WhiteTeam "Bannewitz"]
[BlackTeam "Coswig 1920"]
[WhiteTeamCountry "GER"]
[BlackTeamCountry "GER"]

1. d4 d5 2. Nf3 e6 3. e3 f5 4. g3 Nf6 5. Bg2 Be7 6. 0-0 0-0 7. b3 Qe8 8. Bb2 Nbd7 9. Nbd2 Ne4 10. Ne1 c6 11. Ndf3 g5 12. Nd3 Nd6 13. Nfe5 Nf7 14. Rc1 Nfxe5 15. dxe5 Nc5 16. Nxc5 Bxc5 17. c4 Bb6 18. c5 Bd8 1/2-1/2